Scrambled “S” Words - Statistics

General Stats
  • This quiz has been taken 44 times
  • The average score is 21 of 36
Answer Stats
Hint Answer % Correct
oolhsc school
100%
eocdns second
89%
cvreesi service
81%
dhsluo should
81%
topprsu support
81%
mtsyes system
81%
icfsctiein scientific
78%
ytcuersi security
78%
ouloitns solution
78%
sgrnto strong
78%
cutbsej subject
78%
peacsil special
72%
picsceif specific
69%
adrtnasd standard
67%
lsaiimr similar
61%
islgen single
61%
sanmettet statement
56%
syttarge strategy
56%
svaeelr several
53%
tnituoias situation
53%
stemetltne settlement
47%
metmseiso sometimes
47%
euetqssbun subsequent
47%
ghnemisot something
44%
tuturecrs structure
44%
iieutncffs sufficient
42%
siciinafntg significant
39%
eacultcaspr spectacular
39%
ttnvsisiiey sensitivity
36%
efastrwo software
36%
ttsislaitca statistical
36%
rcetitsga strategic
36%
slcfsceuus successful
36%
asiabsnlutt substantial
33%
udbasyiisr subsidiary
31%
drrahshleoe shareholder
25%
No matching quizzes found
Score Distribution
Percent of People with Each Score
Percentile by Number Answered
Your Score History
You have not taken this quiz